000 00591nam a2200205Ia 4500
003 LK-CoDNM
005 20241217120528.0
008 121120t1961 xxu||||| |||| 00| 0 sin d
040 _aLK-CoDNM
_dLK-CoDNM
_eLK-CoDNM
041 _asin
080 _a8S1-14/15
_bMAI
100 _aThennakon
245 _aබුදුගුණ අලංකාර ප්‍රදීපය
246 _aBudhuguna Alankara Pradeepaya
260 _bSri Lanka Prakashaka Samagama
_aColombo
_c1961
300 _b549p. ; 18 cm
650 _a1961
650 _aපුරාතන පද්‍ය
942 _cBK
999 _c75929
_d75929